Z historie centrální banky Turecké republiky
Stručný historický vývoj centrálnej banky Turecka, ktorá nesie oficiálny názov: Türkiye Cumhuriyet Merkez Bankasi. Súčasnosť tureckej meny.
Salvato in:
| Autore principale: | |
|---|---|
| Natura: | Capitolo di libro |
| Lingua: | ceco |
| Soggetti: | |
| Tags: |
Nessun Tag, puoi essere il primo ad aggiungerne!!
|
MARC
| LEADER | 00000naa a2200000 4500 | ||
|---|---|---|---|
| 001 | 0258493 | ||
| 005 | 20221104110650.0 | ||
| 041 | 0 | |a cze | |
| 044 | |a CZ | ||
| 245 | 1 | 0 | |a Z historie centrální banky Turecké republiky |c Zbyněk Kalabis |
| 520 | |a Stručný historický vývoj centrálnej banky Turecka, ktorá nesie oficiálny názov: Türkiye Cumhuriyet Merkez Bankasi. Súčasnosť tureckej meny. | ||
| 610 | 2 | 0 | |a banky centrálne |
| 610 | 2 | 0 | |a história |
| 610 | 2 | 0 | |a mena |
| 610 | 2 | 0 | |a Turecko |
| 100 | 1 | |a Kalabis, Zbyněk | |